00758nam a2200253 a 4500001001300000003000900013005001700022008004100039020001000080082001700090100003000107245002000137260005400157300000900211500003500220505003200255650002000287650002000307700003000327902000800357942000700365952011700372999001500489nice12345678IN_TiNIC20260116011743.0050524s1945 hyda grp 000 0 urd  ac10000a297.38bRAS1 aRasheed, Ghulam Dastageer aIslami Taqareeb aHyderabad bMarkazi Anjuman Taleemus Salat c1945 a322p aincludes index and biblioraphy2 athree parts of first volume aFestivals-Islam aIslam-Festivals1 aRasheed, Ghulam Dastageer bSRS cBK 001040708StackRoom-aHMIbHMId2007-07-31g100.00l0o297.38 RAS1p06093r2007-07-31v100.00w2005-05-24yBK c3722d3722